Datum a čas kvízu
21
Celkem bodů
Celkový počet nahraných bodů na tomto kvízu bez doplňovacích otázek.
5.
Pořadí na kvízu
Konečné umístění týmu na tomto kvízu.
Zaznamenané odpovědi
| # | Otázka | Odpověď | Body | Výsledky |
|---|---|---|---|---|
| 1. | Nedaleko jednoho severočeského... | Bílina | 1 | |
| 2. | Jeden muž v severoanglickém Ma... | had | 0 | |
| 3. | Jistá 26letá česká zpěvačka, z... | Markéta Konvičková | 1 | |
| 4. | Další z obchodních řetězců pů... | Lidl | 1 | |
| 5. | V minulém týdnu odstartoval no... | Vítkovice a Litvínov | 0.5 | |
| 6. | Po dějinách Ukrajiny, které js... | Štěpán I. (Svatý) | 0 | |
| 7. | Jak se nazývá město v jižním M... | Moháč | 0 | |
| 8. | Jak se jmenoval dočasný státní... | Maďarská republika rad | 0 | |
| 9. | Liberální pojetí socialismu sp... | gulášový socialismus/komunismus | 0 | |
| 10. | Napište šestipísmennou zkratku... | Fidesz | 0 |